Miasta Polski, które graniczą z innymi państwami - Statystyki

Ogólne statystyki
  • Ten quiz został rozwiązany 67 razy
  • Średni wynik to 14 z 41
Statystyki odpowiedzi
Hint Odpowiedź % Poprawnych
ze Słowacją Zakopane
78%
z Niemcami Zgorzelec
68%
z Czechami Cieszyn
66%
z Czechami i z Niemcami Bogatynia
64%
z Niemcami Świnoujście
63%
z Niemcami Słubice
59%
z Rosją Gołdap
53%
z Niemcami Kostrzyn nad Odrą
51%
z Niemcami Gubin
47%
z Rosją Krynica Morska
46%
z Białorusią Terespol
44%
z Czechami Jastrzębie-Zdrój
41%
z Czechami Kudowa-Zdrój
41%
z Czechami Karpacz
39%
z Czechami Szklarska Poręba
37%
ze Słowacją Muszyna
36%
z Czechami Głuchołazy
32%
z Czechami Wisła
32%
ze Słowacją Szczawnica
31%
z Białorusią Włodawa
31%
z Czechami Duszniki-Zdrój
29%
z Czechami Jelenia Góra
29%
ze Słowacją Piwniczna-Zdrój
27%
z Czechami Prudnik
27%
z Czechami Międzylesie
25%
z Czechami Lądek-Zdrój
24%
z Niemcami Łęknica
24%
z Czechami Lubawka
24%
z Białorusią Krynki
22%
z Czechami Świeradów-Zdrój
22%
z Czechami Ustroń
22%
z Czechami Kowary
19%
z Czechami Złoty Stok
19%
z Niemcami Nowe Warpno
17%
z Niemcami Pieńsk
17%
z Czechami Radków
17%
z Czechami Kietrz
12%
z Czechami Zawidów
12%
z Czechami Krzanowice
8%
z Czechami Piechowice
8%
z Czechami Szczytna
8%
Nie znaleziono quizów pasujących do podanych kryteriów
Rozkład punktacji
Procent ludzi z każdym wynikiem
Percentyl według liczby udzielonych odpowiedzi
Twoja historia wyników
Nie rozwiązałeś tego quizu